Подробности
| 000 -МАРКЕР |
| контрольное поле |
02941njm0a2200433 4500 |
| 001 - ИДЕНТИФИКАТОР ЗАПИСИ |
| контрольное поле |
RU\NLR\ONIZ\196851 |
| 005 - ИДЕНТИФИКАТОР ВЕРСИИ |
| контрольное поле |
20250708192203.0 |
| 035 ## - ДРУГИЕ СИСТЕМНЫЕ НОМЕРА |
| Идентификатор записи |
(NLR Aleph) 010404611 |
| 071 00 - ИЗДАТЕЛЬСКИЙ НОМЕР |
| Номер, присвоенный агентством |
С62-22805-6 |
| 100 ## - ДАННЫЕ ОБЩЕЙ ОБРАБОТКИ |
| Данные общей обработки |
20120119d1985 |||y0rusy50 ca |
| 102 ## - СТРАНА ПУБЛИКАЦИИ ИЛИ ПРОИЗВОДСТВА |
| Страна публикации |
Российская Федерация |
| 126 ## - ПОЛЕ КОДИРОВАННЫХ ДАННЫХ: ЗВУКОЗАПИСИ - ФИЗИЧЕСКИЕ ХАРАКТЕРИСТИКИ |
| Кодированные данные звукозаписи (общие) |
abuxcxu ux |
| Кодированные данные звукозаписи (уточнения) |
xxx |
| 127 ## - ПОЛЕ КОДИРОВАННЫХ ДАННЫХ: ПРОДОЛЖИТЕЛЬНОСТЬ ЗВУКОЗАПИСЕЙ И НОТНЫХ ИЗДАНИЙ (МУЗЫКАЛЬНОЕ ИСПОЛНЕНИЕ) |
| Продолжительность |
000016 |
| 135 ## - ПОЛЕ КОДИРОВАННЫХ ДАННЫХ: ЭЛЕКТРОННЫЕ РЕСУРСЫ |
| Кодированные данные для электронного ресурса |
honoannnanndn |
| 200 1# - ЗАГЛАВИЕ И СВЕДЕНИЯ ОБ ОТВЕТСТВЕННОСТИ |
| Основное заглавие |
Песни Булата Окуджавы и Евгения Бачурина |
| Общее обозначение материала |
Звукозапись |
| Первые сведения об ответственности |
исполн.: Ю. Слободкин |
| Последующие сведения об ответственности |
сопровожд.: А. Марченко, гитара, синтезатор, клавесин |
| 210 ## - ПУБЛИКАЦИЯ, РАСПРОСТРАНЕНИЕ И ДР. |
| Место издания, распространения и т.д. |
Москва |
| Имя издателя, распространителя и т. д. |
Мелодия |
| Дата издания, распространения и т.д. |
1985 |
| 215 ## - ФИЗИЧЕСКАЯ ХАРАКТЕРИСТИКА |
| Специфическое обозначение материала и объем |
1 грп. [ГОСТ 5289-80] (16 мин): 33 об/мин, стерео; 17, 5, в конв. |
| 327 1# - ПРИМЕЧАНИЯ О СОДЕРЖАНИИ |
| Текст примечания |
1. Шахматы на балконе / сл. авт. ; Е. В. Бачурин ; |
| -- |
2. Песня о голубом шаре / сл. авт. ; Е. Бачурин. |
| -- |
3. Не клонись-ка , ты головушка / Б. Ш. Окуджава ; |
| -- |
4. Чудесный вальс / Б. Ш. Окуджава |
| 464 #0 - АНАЛИТИЧЕСКИЙ УРОВЕНЬ |
| Встроенное поле |
2001#$aШахматы на балконе$fсл. авт.$gЕ. В. Бачурин |
| -- |
701#1$9z01790$aБачурин$bЕ. В.$gЕвгений Владимирович$f1934$4590 |
| -- |
790#1$9z01701$aBachurin$bE.$gEugenij$f1934$4590 |
| Заглавие |
Шахматы на балконе |
| 464 #0 - АНАЛИТИЧЕСКИЙ УРОВЕНЬ |
| Встроенное поле |
2001#$aПесня о голубом шаре$fсл. авт.$gЕ. Бачурин |
| -- |
701#1$9z01790$aБачурин$bЕ. В.$gЕвгений Владимирович$f1934$4230 |
| -- |
790#1$9z01701$aBachurin$bE.$gEugenij$f1934$4230 |
| Заглавие |
Песня о голубом шаре |
| 464 #0 - АНАЛИТИЧЕСКИЙ УРОВЕНЬ |
| Встроенное поле |
2001#$aНе клонись-ка , ты головушка$fБ. Ш. Окуджава |
| -- |
701#1$9z01790$aОкуджава$bБ. Ш.$gБулат Шалвович$f1924-1997$4520 |
| -- |
790#1$9z01701$aOkudzhava$bB.$gBulat$f1924-1997$4520 |
| Заглавие |
Не клонись-ка , ты головушка |
| 464 #0 - АНАЛИТИЧЕСКИЙ УРОВЕНЬ |
| Встроенное поле |
2001#$aЧудесный вальс$fБ. Ш. Окуджава |
| -- |
701#1$9z01790$aОкуджава$bБ. Ш.$gБулат Шалвович$f1924-1997$4520 |
| -- |
790#1$9z01701$aOkudzhava$bB.$gBulat$f1924-1997$4520 |
| Заглавие |
Чудесный вальс |
| 606 1# - НАИМЕНОВАНИЕ ТЕМЫ КАК ПРЕДМЕТ |
| Наименование темы |
Авторская песня |
| Географический подзаголовок |
Россия |
| Код системы |
nlr_sh |
| 686 ## - ИНДЕКСЫ ДРУГИХ КЛАССИФИКАЦИЙ |
| Индекс |
Щ943.4, 8(2) |
| Издание |
LBC/SL |
| Код системы |
|
| 686 ## - ИНДЕКСЫ ДРУГИХ КЛАССИФИКАЦИЙ |
| Индекс |
Щ943.4-041.5я43(2Р=Р) |
| Издание |
LBC/SL |
| Код системы |
|
| 700 #1 - ИМЯ ЛИЦА - ПЕРВИЧНАЯ ОТВЕТСТВЕННОСТЬ |
| Системный номер авторитетной/нормативной записи |
z10790 |
| Начальный элемент ввода |
Слободкин |
| Часть имени, кроме начального элемента ввода |
Ю. П. |
| Даты |
1939 |
| Расширение инициалов личного имени |
Юлий Павлович |
| Код отношения |
Исполнитель |
| -- |
|
| 702 #1 - ИМЯ ЛИЦА - ВТОРИЧНАЯ ОТВЕТСТВЕННОСТЬ |
| Системный номер авторитетной/нормативной записи |
z07790 |
| Начальный элемент ввода |
Марченко |
| Часть имени, кроме начального элемента ввода |
А. |
| Дополнения к именам, кроме дат |
гитара, синтезатор |
| Расширение инициалов личного имени |
Александр |
| Код отношения |
Исполнитель |
| 790 #1 - ИМЯ ЛИЦА - АЛЬТЕРНАТИВНАЯ ФОРМА |
| Системный номер авторитетной/нормативной записи |
z07702 |
| Начальный элемент ввода |
Marchenko |
| Часть имени, кроме начального элемента ввода |
A. |
| Дополнения к именам, кроме дат |
guitar |
| Расширение инициалов личного имени |
Alexandr |
| Код отношения |
Исполнитель |
| 790 #1 - ИМЯ ЛИЦА - АЛЬТЕРНАТИВНАЯ ФОРМА |
| Системный номер авторитетной/нормативной записи |
z10700 |
| Начальный элемент ввода |
Slobodkin |
| Часть имени, кроме начального элемента ввода |
Yu. P. |
| Даты |
1939 |
| Расширение инициалов личного имени |
Yulij Pavlovich |
| Код отношения |
Исполнитель |
| -- |
|
| 801 #0 - ИСТОЧНИК ЗАПИСИ |
| Страна |
Российская Федерация |
| Организация |
NLR |
| Дата составления |
20120119 |
| Правила каталогизации |
PSBO |
| 801 #1 - ИСТОЧНИК ЗАПИСИ |
| Страна |
Российская Федерация |
| Организация |
NLR |
| Дата составления |
20120119 |
| Источник данных |
rusmarc |
| 801 #2 - ИСТОЧНИК ЗАПИСИ |
| Страна |
Российская Федерация |
| Организация |
NLR |
| Дата составления |
20151105 |
| 852 ## - МЕСТОНАХОЖДЕНИЕ И ШИФР ХРАНЕНИЯ |
| Идентификатор организации |
NLR |
| Наименование фонда или коллекции (Sub-Location Identifier) |
Мг |
| Шифр хранения (Call Number) |
1/785 |
| Страна |
|
| Номер экземпляра |
1 |
| 942 ## - ДОПОЛНИТЕЛЬНЫЕ ЭЛЕМЕНТЫ ЗАПИСИ (АБИС) |
| Тип экземпляра АБИС |
Звукозапись |
| 980 ## - КОЛЛЕКЦИЯ |
| Название коллекции |
Национальная библиография |
| 980 ## - КОЛЛЕКЦИЯ |
| Название коллекции |
Отдел нот и звукозаписей |